000 00251nam a2200097Ia 4500
001 727223
005 20250826163444.0
008 250824s9999 xx 000 0 und d
245 0 _aKURNAZ KAPLUMBAĞA
_cANONİM TÜRK MASALLARI
260 _bGİZEMLİ BAHÇE
999 _c727223
_d727223